Správa o stave a úrovni výchovy a vzdelávania v školách a školských zariadeniach v Slovenskej republike v školskom roku ...
| Corporate Author: | |
|---|---|
| Format: | Serial |
| Language: | Slovak |
| PhysicalDescription: | zv. grafy, tab. 30 cm |
| Published: |
Bratislava
Štátna školská inšpekcia
|
| ISBN: | 8070983663 (brož. : r. 2002/2003) 8096928376 (brož. : r. 2003/2004) 8096944215 (brož. : r. 2004/2005) 9788096989607 (brož. : r. 2006/2007) 9788097010331 (brož. : r. 2007/2008) 9788097034764 (brož. : r. 2008/2009) 9788097060916 (brož. : r. 2009/2010) 9788097098407 (brož. : r. 2010/2011) 9788097129361 (brož. : r. 2011/2012) 9788097155209 (brož. : r. 2012/2013) 9788097155216 (brož. : r. 2013/2014) 9788097155223 (brož. : r. 2014/2015) 9788097155254 (brož. : r. 2015/2016) 9788097155278 (brož. : r. 2016/2017) 9788097155292 (brož. : r. 2017/2018) 9788097325916 (brož. : r. 2018/2019) 9788097325954 (brož. : r. 2019/2020) 9788097325978 (brož. : r. 2020/2021) 9788097325992 (brož. : r. 2021/2022) 9788097447038 (brož. : r. 2022/2023) 9788097447052 (brož. : r. 2023/2024) 9788097447076 (brož. : r. 2024/2025) |
| Subjects: |
MARC
| LEADER | 00000cas a2200000 a 4500 | ||
|---|---|---|---|
| 001 | vtls009082429 | ||
| 005 | 20260318091136.0 | ||
| 008 | 110420c19999999xo ar 0 b0slo | ||
| 015 | |a SNBB2011/02-01207 (r. 2003/2004) |a SNBB2011/02-01208 (r. 2004/2005) |a SNBB2011/02-01209 (r. 2006/2007) |a SNBB2011/02-01210 (r. 2007/2008) |a SNBB2011/02-01211 (r. 2008/2009) |a SNBB2011/02-01212 (r. 2009/2010) |a SNBB2012/03-00600 (r. 2010/2011) |a SNBB2013-(r. 2011/2012) |a SNBB2015-(r. 2013/2014) |a SNBB2016-(r. 2012/2013, r. 2014/2015) |a SNBB2017-(r. 2015/2016) |a SNB2018-(r. 2016/2017) |a SNBB2019-(r. 2017/2018) |a SNBB2020-(r. 2018/2019) |a SNBB2021-(r. 2019/2020) |a SNBB2022-(r. 2020/2021) |a SNBB2023-(r. 2021/2022) |a SNBB2024-(r. 2022/2023) |a SNBB2025-(r. 2023/2024) |a SNBB2026-(r. 2024/2025) | ||
| 020 | |a 8070983663 (brož. : r. 2002/2003) | ||
| 020 | |a 8096928376 (brož. : r. 2003/2004) | ||
| 020 | |a 8096944215 (brož. : r. 2004/2005) |z 8096928376 | ||
| 020 | |a 9788096989607 (brož. : r. 2006/2007) | ||
| 020 | |a 9788097010331 (brož. : r. 2007/2008) | ||
| 020 | |a 9788097034764 (brož. : r. 2008/2009) | ||
| 020 | |a 9788097060916 (brož. : r. 2009/2010) | ||
| 020 | |a 9788097098407 (brož. : r. 2010/2011) | ||
| 020 | |a 9788097129361 (brož. : r. 2011/2012) | ||
| 020 | |a 9788097155209 (brož. : r. 2012/2013) | ||
| 020 | |a 9788097155216 (brož. : r. 2013/2014) | ||
| 020 | |a 9788097155223 (brož. : r. 2014/2015) | ||
| 020 | |a 9788097155254 (brož. : r. 2015/2016) | ||
| 020 | |a 9788097155278 (brož. : r. 2016/2017) | ||
| 020 | |a 9788097155292 (brož. : r. 2017/2018) | ||
| 020 | |a 9788097325916 (brož. : r. 2018/2019) | ||
| 020 | |a 9788097325954 (brož. : r. 2019/2020) | ||
| 020 | |a 9788097325978 (brož. : r. 2020/2021) | ||
| 020 | |a 9788097325992 (brož. : r. 2021/2022) | ||
| 020 | |a 9788097447038 (brož. : r. 2022/2023) |z 97880987447045 | ||
| 020 | |a 9788097447052 (brož. : r. 2023/2024) | ||
| 020 | |a 9788097447076 (brož. : r. 2024/2025) | ||
| 040 | |a SNK |b slo |c SNK |e AACR2 | ||
| 041 | 0 | |a slo | |
| 043 | |a e-xo--- | ||
| 044 | |a xo |c SK | ||
| 072 | 7 | |a 37 |x Výchova a vzdelávanie |2 konspekt | |
| 072 | 7 | |a 371 |x Školstvo (organizácia) |2 konspekt | |
| 080 | |a 37.01/.09 |2 2011 | ||
| 080 | |a (437.6) |2 2011 | ||
| 080 | |a (047) |2 2011 | ||
| 080 | |a 371 |2 2001 | ||
| 080 | |a 376 |2 2011 | ||
| 110 | 2 | |a Štátna školská inšpekcia (Bratislava, Slovensko) |9 92395 |4 aut | |
| 245 | 1 | 0 | |a Správa o stave a úrovni výchovy a vzdelávania v školách a školských zariadeniach v Slovenskej republike v školskom roku ... |
| 260 | |a Bratislava |b Štátna školská inšpekcia | ||
| 300 | |a zv. |b grafy, tab. |c 30 cm | ||
| 310 | |a 1x ročne | ||
| 362 | 0 | |a [1999/2000]- | |
| 500 | |a Súčasťou názvu je označenie školského roku | ||
| 500 | |a Popis podľa: šk. r. 2006/2007 | ||
| 650 | 0 | 7 | |a výchova a vzdelávanie |2 SNKPH |9 1684 |
| 650 | 0 | 7 | |a školstvo |2 SNKPH |9 19712 |
| 650 | 0 | 7 | |a Education |2 SNKPHeng |9 265320 |
| 651 | 7 | |a Slovensko |2 SNKPHgeo |9 14231 | |
| 651 | 7 | |a Slovakia |2 SNKPHeng |9 92630 | |
| 655 | 7 | |a správy |2 SNKPH |9 70563 | |
| 655 | 7 | |a Reports |2 SNKPHeng |9 265694 | |
| 916 | |a 2002/2003-2004/2005, 2006/2007-2018/2019, 2019/2020, 2020/21 | ||
| 919 | |a 80-7098-366-3 | ||
| 919 | |a 80-969283-7-6 | ||
| 919 | |a 80-969442-1-5 | ||
| 919 | |a 978-80-969896-0-7 | ||
| 919 | |a 978-80-970103-3-1 | ||
| 919 | |a 978-80-970347-6-4 | ||
| 919 | |a 978-80-970609-1-6 | ||
| 919 | |a 978-80-970984-0-7 | ||
| 919 | |a 978-80-971293-6-1 | ||
| 919 | |a 978-80-971552-0-9 | ||
| 919 | |a 978-80-971552-1-6 | ||
| 919 | |a 978-80-971552-2-3 | ||
| 919 | |a 978-80-971552-5-4 | ||
| 919 | |a 978-80-971552-7-8 | ||
| 919 | |a 978-80-971552-9-2 | ||
| 919 | |a 978-80-973259-1-6 | ||
| 919 | |a 978-80-973259-5-4 | ||
| 919 | |a 978-80-973259-7-8 | ||
| 919 | |a 978-80-973259-9-2 | ||
| 919 | |a 978-80-974470-3-8 | ||
| 919 | |a 978-80-974470-5-2 | ||
| 919 | |a 978-80-974470-7-6 | ||
| 999 | |c 1996 |d 3926 | ||
| 952 | |a SNK |b SNK |y PREZ |7 0 |p 17A1525055 |o snkČSB 5539/2023-2024 |i snk2025/3831 |8 0 |z Rok vydania: 2024 |0 0 |1 0 |4 0 |d 2025-03-04 |l 0 |r 2026-02-21 19:50:30 |w 2026-02-21 | ||
| 952 | |a SNK |b SNK |y PREZ |7 0 |p 17A1525056 |o snkČSB 5539/2023-2024 D1 |i snk2025/3832 |8 0 |z Rok vydania: 2024 |0 0 |1 0 |4 0 |d 2025-03-04 |l 0 |r 2026-02-21 19:50:30 |w 2026-02-21 | ||
| 952 | |a SNK |b SNK |y PREZ |7 0 |p 17A1522299 |o snkČSB 5539/2022-2023 |i snk2024/6337 |8 0 |z Rok vydania: 2023 |0 0 |1 0 |4 0 |d 2024-04-22 |l 0 |r 2026-02-21 19:53:27 |w 2026-02-21 | ||
| 952 | |a SNK |b SNK |y PREZ |7 0 |p 17A1522300 |o snkČSB 5539/2022-2023 D1 |i snk2024/6339 |8 0 |z Rok vydania: 2023 |0 0 |1 0 |4 0 |d 2024-04-22 |l 0 |r 2026-02-21 19:53:28 |w 2026-02-21 | ||
| 952 | |a SNK |b SNK |y PREZ |7 0 |p 17A0661142 |o snkČSB 5539/2007-2008 |i snk2010/14931 |8 0 |f 1 |0 0 |1 0 |4 0 |d 2010-07-12 |l 0 |r 2026-02-21 19:53:35 |w 2026-02-21 | ||
| 952 | |a SNK |b SNK |y PREZ |7 0 |p 17A0661143 |o snkČSB 5539/2007-2008 D1 |i snk2010/14932 |8 0 |0 0 |1 0 |4 0 |d 2010-07-12 |l 0 |r 2026-02-21 19:53:35 |w 2026-02-21 | ||
| 952 | |a SNK |b SNK |y PREZ |7 0 |p 17A0661144 |o snkČSB 5539/2008-2009 |i snk2010/14933 |8 0 |f 1 |0 0 |1 0 |4 0 |d 2010-07-12 |l 0 |r 2026-02-21 19:53:35 |w 2026-02-21 | ||
| 952 | |a SNK |b SNK |y PREZ |7 0 |p 17A1460525 |o snkČSB 5539/2021-2022 |i snk2023/3578 |8 0 |z Rok vydania: 2022 |0 0 |1 0 |4 0 |d 2023-03-01 |l 0 |r 2026-02-21 20:02:23 |w 2026-02-21 | ||
| 952 | |a SNK |b SNK |y PREZ |7 0 |p 17A1460526 |o snkČSB 5539/2021-2022 D1 |i snk2023/3579 |8 0 |z Rok vydania: 2022 |0 0 |1 0 |4 0 |d 2023-03-01 |l 0 |r 2026-02-21 20:02:23 |w 2026-02-21 | ||
| 952 | |a SNK |b SNK |y PREZ |7 0 |p 17A0672919 |o snkČSB 5539/2009-2010 |i snk2011/9137 |8 0 |f 1 |0 0 |1 0 |4 0 |d 2011-04-19 |l 0 |r 2026-02-21 20:06:13 |w 2026-02-21 | ||
| 952 | |a SNK |b SNK |y PREZ |7 0 |p 17A0672920 |o snkČSB 5539/2009-2010 D1 |i snk2011/9138 |8 0 |0 0 |1 0 |4 0 |d 2011-04-19 |l 0 |r 2026-02-21 20:06:13 |w 2026-02-21 | ||
| 952 | |a SNK |b SNK |y PREZ |7 0 |p 17A1462252 |o snkČSB 5539/2020-2021 |i snk2022/5979 |8 0 |z Rok vydania: 2021 |f 1 |0 0 |1 0 |4 0 |d 2022-04-22 |l 0 |r 2026-02-21 20:11:34 |w 2026-02-21 | ||
| 952 | |a SNK |b SNK |y PREZ |7 0 |p 17A1462253 |o snkČSB 5539/2020-2021 D1 |i snk2022/5980 |8 0 |z Rok vydania: 2021 |0 0 |1 0 |4 0 |d 2022-04-22 |l 0 |r 2026-02-21 20:11:34 |w 2026-02-21 | ||
| 952 | |a SNK |b SNK |y PREZ |7 0 |p 17A0661145 |o snkČSB 5539/2008-2009 D1 |i snk2010/14934 |8 0 |0 0 |1 0 |4 0 |d 2010-07-12 |l 0 |r 2026-02-21 20:15:21 |w 2026-02-21 | ||
| 952 | |a SNK |b SNK |y PREZ |7 0 |p 17A0563266 |o snkČSB 5539/2002-2003 |i snk2007/25338 |8 1 |f 1 |0 0 |1 0 |4 0 |d 2007-11-20 |l 0 |r 2026-02-21 20:21:05 |w 2026-02-21 | ||
| 952 | |a SNK |b SNK |y PREZ |7 0 |p 17A0556060 |o snkČSB 5539/2003-2004 |i snk2007/17622 |8 0 |f 1 |0 0 |1 0 |4 0 |d 2007-07-24 |l 0 |r 2026-02-21 20:27:55 |w 2026-02-21 | ||
| 952 | |a SNK |b SNK |y PREZ |7 0 |p 17A0556061 |o snkČSB 5539/2004-2005 |i snk2007/17623 |8 0 |f 1 |0 0 |1 0 |4 0 |d 2007-07-24 |l 0 |r 2026-02-21 20:27:55 |w 2026-02-21 | ||
| 952 | |a SNK |b SNK |y PREZ |7 0 |p 17A0556062 |o snkČSB 5539/2004-2005 D1 |i snk2007/17624 |8 0 |0 0 |1 0 |4 0 |d 2007-07-24 |l 0 |r 2026-02-21 20:27:55 |w 2026-02-21 | ||
| 952 | |a SNK |b SNK |y PREZ |7 0 |p 17A1045979 |o snkČSB 5539/2011-2012 |i snk2013/9735 |8 0 |f 1 |0 0 |1 0 |4 0 |d 2013-04-29 |l 0 |r 2026-02-21 20:31:03 |w 2026-02-21 | ||
| 952 | |a SNK |b SNK |y PREZ |7 0 |p 17A1045980 |o snkČSB 5539/2011-2012 D1 |i snk2013/9736 |8 0 |0 0 |1 0 |4 0 |d 2013-04-29 |l 0 |r 2026-02-21 20:31:03 |w 2026-02-21 | ||
| 952 | |a SNK |b SNK |y PREZ |7 0 |p 17A0600018 |o snkČSB 5539/2002-2003 D1 |i snk2008/21325 |8 1 |0 0 |1 0 |4 0 |d 2008-11-04 |l 0 |r 2026-02-21 21:01:32 |w 2026-02-21 | ||
| 952 | |a SNK |b SNK |y PREZ |7 0 |p 17A0600019 |o snkČSB 5539/2006-2007 |i snk2008/21328 |8 0 |f 1 |0 0 |1 0 |4 0 |d 2008-11-04 |l 0 |r 2026-02-21 21:01:32 |w 2026-02-21 | ||
| 952 | |a SNK |b SNK |y PREZ |7 0 |p 17A0600020 |o snkČSB 5539/2006-2007 D1 |i snk2008/21329 |8 0 |0 0 |1 0 |4 0 |d 2008-11-04 |l 0 |r 2026-02-21 21:01:33 |w 2026-02-21 | ||
| 952 | |a SNK |b SNK |y PREZ |7 0 |p 17A0719407 |o snkČSB 5539/2010-2011 |i snk2012/11378 |8 0 |f 1 |0 0 |1 0 |4 0 |d 2012-06-11 |l 0 |r 2026-02-21 21:01:57 |w 2026-02-21 | ||
| 952 | |a SNK |b SNK |y PREZ |7 0 |p 17A0719408 |o snkČSB 5539/2010-2011 D1 |i snk2012/11379 |8 0 |0 0 |1 0 |4 0 |d 2012-06-11 |l 0 |r 2026-02-21 21:01:57 |w 2026-02-21 | ||
| 952 | |a SNK |b SNK |y PREZ |7 0 |p 17A1045981 |o snkČSB 5539/2013-2014 |i snk2015/30737 |8 0 |f 1 |0 0 |1 0 |4 0 |d 2015-11-09 |l 0 |r 2026-02-21 21:05:15 |w 2026-02-21 | ||
| 952 | |a SNK |b SNK |y PREZ |7 0 |p 17A1045982 |o snkČSB 5539/2013-2014 D1 |i snk2015/30738 |8 0 |0 0 |1 0 |4 0 |d 2015-11-09 |l 0 |r 2026-02-21 21:05:15 |w 2026-02-21 | ||
| 952 | |a SNK |b SNK |y PREZ |7 0 |p 17A1433671 |o snkČSB 5539/2019-2020 |i snk2021/7860 |8 0 |z Rok vydania: 2020 |f 1 |0 0 |1 0 |4 0 |d 2021-06-30 |l 0 |r 2026-02-21 21:39:35 |w 2026-02-21 | ||
| 952 | |a SNK |b SNK |y PREZ |7 0 |p 17A1433672 |o snkČSB 5539/2019-2020 D1 |i snk2021/7862 |8 0 |z Rok vydania: 2020 |0 0 |1 0 |4 0 |d 2021-06-30 |l 0 |r 2026-02-21 21:39:35 |w 2026-02-21 | ||
| 952 | |a SNK |b SNK |y PREZ |7 0 |p 17A1342693 |o snkČSB 5539/2017-2018 |i snk2019/7700 |8 0 |f 1 |0 0 |1 0 |4 0 |d 2019-03-20 |l 0 |r 2026-02-21 21:51:46 |w 2026-02-21 | ||
| 952 | |a SNK |b SNK |y PREZ |7 0 |p 17A1342694 |o snkČSB 5539/2017-2018 D1 |i snk2019/7702 |8 0 |0 0 |1 0 |4 0 |d 2019-03-20 |l 0 |r 2026-02-21 21:51:53 |w 2026-02-21 | ||
| 952 | |a SNK |b SNK |y PREZ |7 0 |p 17A1386810 |o snkČSB 5539/2018-2019 |i snk2020/6575 |8 0 |f 1 |0 0 |1 0 |4 0 |d 2020-03-13 |l 0 |r 2026-02-21 21:53:06 |w 2026-02-21 | ||
| 952 | |a SNK |b SNK |y PREZ |7 0 |p 17A1386811 |o snkČSB 5539/2018-2019 D1 |i snk2020/6577 |8 0 |0 0 |1 0 |4 0 |d 2020-03-13 |l 0 |r 2026-02-21 21:53:06 |w 2026-02-21 | ||
| 952 | |a SNK |b SNK |y PREZ |7 0 |p 17A0600017 |o snkČSB 5539/2003-2004 D1 |i snk2017/4447 |8 1 |0 0 |1 0 |4 0 |d 2017-02-17 |l 0 |r 2026-02-21 21:55:47 |w 2026-02-21 | ||
| 952 | |a SNK |b SNK |y PREZ |7 0 |p 17A1324825 |o snkČSB 5539/2016-2017 |i snk2018/7179 |8 0 |f 1 |0 0 |1 0 |4 0 |d 2018-03-26 |l 0 |r 2026-02-21 21:57:02 |w 2026-02-21 | ||
| 952 | |a SNK |b SNK |y PREZ |7 0 |p 17A1324826 |o snkČSB 5539/2016-2017 D1 |i snk2018/7180 |8 0 |0 0 |1 0 |4 0 |d 2018-03-26 |l 0 |r 2026-02-21 21:57:02 |w 2026-02-21 | ||
| 952 | |a SNK |b SNK |y PREZ |7 0 |p 17A1084993 |o snkČSB 5539/2014-2015 |i snk2016/3609 |8 0 |f 1 |0 0 |1 0 |4 0 |d 2016-02-10 |l 0 |r 2026-02-21 22:02:27 |w 2026-02-21 | ||
| 952 | |a SNK |b SNK |y PREZ |7 0 |p 17A1084992 |o snkČSB 5539/2014-2015 D1 |i snk2016/3610 |8 0 |0 0 |1 0 |4 0 |d 2016-02-10 |l 0 |r 2026-02-21 22:02:27 |w 2026-02-21 | ||
| 952 | |a SNK |b SNK |y PREZ |7 0 |p 17A1084997 |o snkČSB 5539/2012-2013 |i snk2016/3470 |8 0 |f 1 |0 0 |1 0 |4 0 |d 2016-02-09 |l 0 |r 2026-02-21 22:02:31 |w 2026-02-21 | ||
| 952 | |a SNK |b SNK |y PREZ |7 0 |p 17A1084996 |o snkČSB 5539/2012-2013 D1 |i snk2016/3473 |8 0 |0 0 |1 0 |4 0 |d 2016-02-09 |l 0 |r 2026-02-21 22:02:31 |w 2026-02-21 | ||
| 952 | |a SNK |b SNK |y PREZ |7 0 |p 17A1205318 |o snkČSB 5539/2015-2016 |i snk2017/8211 |8 0 |f 1 |0 0 |1 0 |4 0 |d 2017-04-04 |l 0 |r 2026-02-21 22:04:20 |w 2026-02-21 | ||
| 952 | |a SNK |b SNK |y PREZ |7 0 |p 17A1205319 |o snkČSB 5539/2015-2016 D1 |i snk2017/8212 |8 0 |0 0 |1 0 |4 0 |d 2017-04-04 |l 0 |r 2026-02-21 22:04:20 |w 2026-02-21 | ||
| 952 | |t 1 |a SNK |b SNK |c SNK_KF |y PREZ |7 8 |p 17A1556618 |o snkČSB 5539/2024-2025 |i snk2026/3787 |8 0 |z Rok vydania: 2025 |0 0 |1 0 |2 udc |4 0 |d 2026-03-18 |l 0 |r 2026-03-18 09:05:00 |w 2026-03-18 | ||


